<?xml version="1.0" encoding="UTF-8"?><?xml-stylesheet type="text/xsl" href="static/style.xsl"?><OAI-PMH xmlns="http://www.openarchives.org/OAI/2.0/" xmlns:xsi="http://www.w3.org/2001/XMLSchema-instance" xsi:schemaLocation="http://www.openarchives.org/OAI/2.0/ http://www.openarchives.org/OAI/2.0/OAI-PMH.xsd"><responseDate>2026-04-27T12:55:36Z</responseDate><request verb="GetRecord" identifier="oai:uvadoc.uva.es:10324/44908" metadataPrefix="marc">https://uvadoc.uva.es/oai/request</request><GetRecord><record><header><identifier>oai:uvadoc.uva.es:10324/44908</identifier><datestamp>2025-03-26T19:45:20Z</datestamp><setSpec>com_10324_7525</setSpec><setSpec>com_10324_5186</setSpec><setSpec>com_10324_29291</setSpec><setSpec>col_10324_44904</setSpec></header><metadata><record xmlns="http://www.loc.gov/MARC21/slim" xmlns:doc="http://www.lyncode.com/xoai" xmlns:xsi="http://www.w3.org/2001/XMLSchema-instance" xmlns:dcterms="http://purl.org/dc/terms/" xsi:schemaLocation="http://www.loc.gov/MARC21/slim http://www.loc.gov/standards/marcxml/schema/MARC21slim.xsd">
<leader>00925njm 22002777a 4500</leader>
<datafield tag="042" ind1=" " ind2=" ">
<subfield code="a">dc</subfield>
</datafield>
<datafield tag="720" ind1=" " ind2=" ">
<subfield code="a">Parrado Collantes, Milagrosa</subfield>
<subfield code="e">author</subfield>
</datafield>
<datafield tag="260" ind1=" " ind2=" ">
<subfield code="c">2020</subfield>
</datafield>
<datafield tag="520" ind1=" " ind2=" ">
<subfield code="a">Este trabajo tiene como objetivo principal analizar las relaciones del escritor gaditano Carlos Edmundo de Ory con algunos escritores latinoamericanos coetáneos. Para ello, se han tenido en cuenta dos corpus: su Diario (2004) y la producción epistolar, teniendo en cuenta el estudio de las suprafluencias oryanas (AUTOR), basado también en el Diario (2004) y los aerolitos. Dado al amplio número de personalidades con las que este prolífico autor mantiene contacto, nos hemos centrado, en última instancia, en la correspondencia y fragmentos del argentino Osías Stutman, el chileno Bruno Montané y los mexicanos Marco Fonz y Tania Cossío.</subfield>
</datafield>
<datafield tag="024" ind2=" " ind1="8">
<subfield code="a">TRIM. Tordesillas, revista de investigación multidisciplinar; Núm. 19 (2020): Monográfico: Literatura iberoamericana actual: un océano, múltiples orillas pags. 39-59</subfield>
</datafield>
<datafield tag="024" ind2=" " ind1="8">
<subfield code="a">2173-8947</subfield>
</datafield>
<datafield tag="024" ind2=" " ind1="8">
<subfield code="a">http://uvadoc.uva.es/handle/10324/44908</subfield>
</datafield>
<datafield tag="024" ind2=" " ind1="8">
<subfield code="a">10.24197/trim.19.2020.39-59</subfield>
</datafield>
<datafield tag="024" ind2=" " ind1="8">
<subfield code="a">39</subfield>
</datafield>
<datafield tag="024" ind2=" " ind1="8">
<subfield code="a">19</subfield>
</datafield>
<datafield tag="024" ind2=" " ind1="8">
<subfield code="a">59</subfield>
</datafield>
<datafield ind1=" " ind2=" " tag="653">
<subfield code="a">Investigación</subfield>
</datafield>
<datafield tag="245" ind1="0" ind2="0">
<subfield code="a">Cristales del Diario (2004) y del epistolario en el caleidoscopio de Carlos Edmundo de Ory: Osías Stutman, Bruno Montané, Marco Fonz y Tania Cosío</subfield>
</datafield>
</record></metadata></record></GetRecord></OAI-PMH>